Sports Quiz

Random Sports Quiz

PWI top 50 wrestlers 2006 Quiz Stats

Quiz not verified by Sporcle

Challenge
Share
Tweet
Embed
Score 0/50 Timer 10:00
0 Plays Today
Hint Answer % Correct
1stJohn Cena
100%
21stTriple H
100%
23rdBatista
100%
30thRandy Orton
100%
Kane
100%
3rdEdge
95.5%
22ndUltimo Guerrero
95.5%
24thRic Flair
95.5%
2ndKurt Angle
90.9%
6thRay Mysterio
90.9%
9thShawn Michaels
90.9%
13thAJ Styles
90.9%
35thCM Punk
90.9%
18thRob Van Dam
86.4%
29thChris Benoit
86.4%
44thBig Show
86.4%
12thChristian Cage
81.8%
19thKing Booker
77.3%
41stMark Henry
77.3%
15thChristopher Daniels
72.7%
26thSting
72.7%
16thBryan Danielson
68.2%
37thShelton Benjamin
68.2%
4thSamoa Joe
63.6%
27thCarlito
63.6%
Hint Answer % Correct
38thAbyss
54.5%
8thKenta Kobashi
50%
10thJeff Jarrett
50%
42ndRhino
50%
7thBrock Lesnar
40.9%
40thJushin Liger
40.9%
5thMistico
36.4%
46thChris Harris
36.4%
47thNigel McGuinness
36.4%
33rdHiroyoshi Tenzan
27.3%
36thKENTA
27.3%
43rdHiroshi Tanahashi
27.3%
14thSatoshi Kojima
22.7%
45thDos Caras Jr
22.7%
28thDr Wagner Jr
18.2%
31stTiger Mask IV
18.2%
32ndEl Hijo Del Santo
18.2%
20thJun Akiyama
13.6%
11thTaiyo Kea
4.5%
17thPerro Aquayo Jr
4.5%
25thKensuke Sasaki
4.5%
34thAtlantis
4.5%
39thRey Bucanero
4.5%
48thAverno
4.5%
49thKatsuhiko Nakajima
4.5%

You're not logged in!

Compare scores with friends on all Sporcle quizzes.
Sign Up with Email
OR
Log In

You Might Also Like...

Show Comments

Extras

Top Quizzes Today


Score Distribution

Your Account Isn't Verified!

In order to create a playlist on Sporcle, you need to verify the email address you used during registration. Go to your Sporcle Settings to finish the process.